Statistics for Kreeka tähestik

Click here to take the quiz!

General Stats

  • This quiz has been taken 33 times
  • The average score is 14 of 24

Answer Stats

Kreeka tähtVastus% Correct
A αalfa
100%
Γ γgamma
92%
B βbeeta
85%
Ε εepsilon
85%
Π πpii
85%
Ρ ρroo
85%
Φ φfii
77%
Μ μmüü
77%
Δ δdelta
69%
Ω ωoomega
69%
Λ λlambda
62%
Ο οomikron
54%
Σ σ/ςsigma
54%
Υ υüpsilon
54%
Κ κkapa
46%
Τ τtau
46%
Ι ιioota
38%
Ψ ψpsii
38%
Θ θteeta
38%
Ζ ζzeeta
38%
Χ χhii
31%
Ξ ξksii
31%
Ν νnüü
31%
Η ηeeta
23%

Score Distribution

Percentile by Number Answered

Percent of People with Each Score

Your Score History

You have not taken this quiz